Music Quiz

Random Music or Song Quiz

Gridiron King Lyrics Quiz Stats

 Plays Quiz not verified by Sporcle

Challenge
Share
Tweet
Embed
Score 0/45 Timer 05:00
0 Plays Today
% Correct
the
93.8%
Harvard
93.8%
Harvard
93.8%
We
93.8%
will
93.8%
the
93.8%
of
93.8%
the
93.8%
Crimson
93.8%
the
93.8%
the
93.8%
the
93.8%
Harvard
93.8%
hit
87.5%
line
87.5%
for
87.5%
For
87.5%
wins
87.5%
today
87.5%
show
87.5%
sons
87.5%
Eli
87.5%
That
87.5%
% Correct
still
87.5%
holds
87.5%
sway
87.5%
Victory
75%
or
75%
die
75%
Then
68.8%
by
68.8%
And
62.5%
we'll
62.5%
cheer
62.5%
boys
62.5%
team
62.5%
grand
56.3%
old
56.3%
When
56.3%
goes
56.3%
again
50%
give
50%
down
43.8%
field
43.8%
Sweep
37.5%

You're not logged in!

Compare scores with friends on all Sporcle quizzes.
Join for Free
OR
Log In

You Might Also Like...

Show Comments

Extras

Top Quizzes Today


Score Distribution

Your Account Isn't Verified!

In order to create a playlist on Sporcle, you need to verify the email address you used during registration. Go to your Sporcle Settings to finish the process.

Report this User

Report this user for behavior that violates our Community Guidelines.

Details: